000 00908nam a22002657a 4500
001 1654
003 BD-RjUL
005 20211208233400.0
008 131208s2001 ii |||| |||| 001 0 eng d
020 _a8185638144
035 _a(BD-RjUL)1681
040 _aBD-RjUL
_beng
_cBD-RjUL
_dBD-RjUL
041 _aeng
082 0 4 _220
_a192
_bRAD 2001
100 1 _aRazzaque, Abdur
_95476
245 1 _aDavid Hume and William James :
_btwo studies in linkages /
_cMd Abdur Razzaque
260 _aDelhi :
_bBook India,
_c©2001.
300 _a267 p. ;
_c25 cm.
504 _aInclude bibliography and index.
650 _aHume, David, -- 1711-1776.
_95477
650 _aJames, William, -- 1842-1910.
_95478
650 _aKnowledge, Theory of.
_95479
856 _3WorldCat
_uhttp://www.worldcat.org/title/david-hume-and-william-james-two-studies-in-linkages/oclc/50798322&referer=brief_results
942 _2ddc
_cBK
999 _c1654
_d1654